| 000 | 00797nam a22002057a 4500 | ||
|---|---|---|---|
| 005 | 2010072205365.0 | ||
| 010 | _aENG-97067 | ||
| 020 |
_a978938087330 _c650.00 |
||
| 035 | _aEN-805600 | ||
| 037 | _bDBAD/PUB | ||
| 082 | _a630.21 | ||
| 245 |
_aBiotechnology and agriculture / _cedited & compiled by Sunil Pandhare |
||
| 260 |
_aNew Delhi _bEducational publishers and distributors _c2010 |
||
| 270 |
_bNew Delhi _e110035 _a291, Bank Enclave, Laxmi Nagar, |
||
| 300 |
_a288 p. _c22 cm (Hb) |
||
| 500 | _aincludes bibliographical references and index | ||
| 700 |
_91438 _aPandhare, Sunil |
||
| 942 |
_2ddc _cEN _mBIO _h630.21 |
||
| 999 |
_c37782 _d37782 |
||